01443cam a2200313 a 450000100090000000300090000900500170001800800410003501000170007602000150009302500280010803700640013604000280020004200100022804300120023805000220025008200180027211101320029024502110042226000380063330000450067150400510071652001730076765000360094065000530097670000210102970000370105071000420108714415763BDDh-ASL20231015030138.0060616s2006 bg ab b 101 0 eng  a 2006561697 a9840517643 aB-E-2006-561697; 22; 26 bLibrary of Congress -- New Delhi Overseas OfficecTk2475.00 aDLCcDLCdDLCdBDDh-ASL alcode aa-bg---00aHV609b.N375 2004 a363.3492bOPT2 aNational Workshop on "Options for Flood Risks and Damage Reduction in Bangladesh"d(2004 :cBangladesh-China Friendship Centre)10aOptions for flood risk and damage reduction in Bangladesh /ceditors, Kamal Uddin Siddiqui, A.N.H. Akhtar Hossain ; [workshop organized by the Office of the Prime Minister, People's Republic of Bangladesh]. aDhaka :bUniversity Press,c2006. a533 p. :bcol. ill., col. maps ;c28 cm. aIncludes bibliographical references and index. aPapers presented at the National Workshop on "Options for Flood Risks and Damage Reduction in Bangladesh", held at Bangladesh-China Friendship Centre in Dhaka, in 2004. 0aFloodszBangladeshvCongresses. 0aFlood damage preventionzBangladeshvCongresses.1 aSiddiqui, Kamal.1 aHossain, A. N. H. Akhtar,d1951-1 aBangladesh.bPrime Minister's Office.